000 00291nam a22001337a 4500
008 170602b xxu||||| |||| 00| 0 eng d
020 _a9780023632204
041 _aeng
080 _23RD
_a94
100 _a17
101 _aSHH
245 _aTHE WESTERN HERITAGE
_cKAGAN,D
942 _2udc
_cBK
999 _c15620
_d15620